| Tag |
First Indicator |
Second Indicator |
Subfields |
| LEADER |
00000cam a2200000 a 4500 |
| 001 |
in00001453521 |
| 005 |
20151020165729.0 |
| 008 |
980721s1998 vaua b 000 0 eng |
| 010 |
|
|
|a 98025513
|
| 020 |
|
|
|a 0871203138 (pbk.)
|
| 035 |
|
|
|a (OCoLC)39539420
|
| 035 |
|
|
|9 AJC7028AM
|
| 040 |
|
|
|a DLC
|c DLC
|d TXA
|d UtOrBLW
|
| 043 |
|
|
|a n-us---
|
| 049 |
|
|
|a TXAM
|
| 050 |
0 |
0 |
|a LB2806.15
|b .W54 1998
|
| 082 |
0 |
0 |
|a 374/.001
|2 21
|
| 100 |
1 |
|
|a Wiggins, Grant P.,
|d 1950-
|
| 245 |
1 |
0 |
|a Understanding by design /
|c Grant Wiggins and Jay McTighe.
|
| 264 |
|
1 |
|a Alexandria, Va. :
|b Association for Supervision and Curriculum Development,
|c [1998]
|
| 264 |
|
4 |
|c ©1998
|
| 300 |
|
|
|a viii, 207 pages :
|b illustrations ;
|c 25 cm.
|
| 336 |
|
|
|a text
|b txt
|2 rdacontent
|
| 337 |
|
|
|a unmediated
|b n
|2 rdamedia
|
| 338 |
|
|
|a volume
|b nc
|2 rdacarrier
|
| 504 |
|
|
|a Includes bibliographical references (pages 194-200).
|
| 505 |
0 |
|
|a What is backward design? -- What is a matter of understanding? -- Understanding understanding -- The six facets of understanding -- Thinking like an assessor -- How is understanding assessed in light of the six facets? -- What is uncoverage? -- What the facets imply for unit design -- Implications for organizing curriculum -- Implications for teaching -- Putting it all together : a design template.
|
| 650 |
|
0 |
|a Curriculum planning
|z United States.
|
| 650 |
|
0 |
|a Curriculum-based assessment
|z United States.
|
| 650 |
|
0 |
|a Learning.
|
| 650 |
|
0 |
|a Comprehension.
|
| 700 |
1 |
|
|a McTighe, Jay.
|
| 948 |
|
|
|a c:dm
|
| 999 |
|
|
|a MARS
|
| 999 |
f |
f |
|s f5c1b1d8-7207-3abc-9995-1cceb44ad38e
|i e1f2d053-68e3-382d-b8e3-c7f01be75a3f
|t 0
|
| 952 |
f |
f |
|p normal
|a Texas A&M University
|b College Station
|c Sterling C. Evans Library
|s Evans stk
|d Evans: Library Stacks
|t 0
|e LB2806.15 .W54 1998
|h Library of Congress classification
|i unmediated -- volume
|m A14826605744
|
| 998 |
f |
f |
|a LB2806.15 .W54 1998
|t 0
|l Evans: Library Stacks
|